[Event "Zaraisk"]
[Site "Zaraisk"]
[Date "2009.11.21"]
[Round "6"]
[White "Shmatkov, Vladimir"]
[Black "Lebedev, Dmitry"]
[Result "1-0"]
[WhiteElo "2065"]
[BlackElo "2231"]
[PlyCount "95"]
[EventDate "2009.11.14"]
[EventType "tourn"]
[EventRounds "11"]
[EventCountry "RUS"]
[SourceTitle "EXT 2012"]
[Source "ChessBase"]
[SourceDate "2011.11.24"]
[SourceVersion "1"]
[SourceVersionDate "2011.11.24"]
[SourceQuality "1"]

1. e4 c5 2. c3 d5 3. exd5 Qxd5 4. Nf3 Bg4 5. Be2 Nc6 6. d4 cxd4 7. cxd4 e5 8. Nc3 Bb4 9. 0-0 Bxc3 10. bxc3 exd4 11. cxd4 Nge7 12. Ba3 0-0 13. Re1 Rfe8 14. Qd2 Ng6 15. Rab1 Nxd4 16. Kh1 Rad8 17. Rbd1 Bxf3 18. Bxf3 Rxe1+ 19. Qxe1 Qg5 20. Rxd4 h6 21. Rxd8+ Qxd8 22. Bxb7 Ne5 23. h3 Nd3 24. Qe3 f6 25. Qxa7 Qe8 26. Qa8 Nxf2+ 27. Kg1 Qxa8 28. Bxa8 Nd3 29. Bd6 Kf7 30. Bd5+ Ke8 31. Be6 Nc1 32. a4 Ne2+ 33. Kf2 Nd4 34. a5 Nxe6 35. a6 Kd7 36. a7 Kxd6 37. a8Q Ke7 38. Qg8 f5 39. g3 Kf6 40. Ke3 h5 41. Kd3 f4 42. g4 hxg4 43. hxg4 Ng5 44. Qf8+ Nf7 45. g5+ Kg6 46. Qe8 Kh5 47. Qxf7+ g6 48. Qf6 1-0

[Event "NRW Class 0506 playoff"]
[Site "Germany"]
[Date "2006.05.21"]
[Round "10.3"]
[White "Lebedev, Dmitry"]
[Black "Berndt, Axel"]
[Result "1-0"]
[WhiteElo "2237"]
[BlackElo "2246"]
[PlyCount "115"]
[EventDate "2006.05.21"]
[EventType "team"]
[EventRounds "1"]
[EventCountry "GER"]
[SourceTitle "CBM 112 Extra"]
[Source "ChessBase"]
[SourceDate "2006.07.14"]
[SourceVersion "1"]
[SourceVersionDate "2006.07.14"]
[SourceQuality "1"]
[WhiteTeam "Koeln Porz III"]
[BlackTeam "Duesseldorf II"]
[WhiteTeamCountry "GER"]
[BlackTeamCountry "GER"]

1. e4 Nf6 2. e5 Nd5 3. d4 d6 4. exd6 cxd6 5. c4 Nb6 6. Nc3 g6 7. Be3 Bg7 8. Nf3 0-0 9. h3 Nc6 10. Rc1 e5 11. Be2 exd4 12. Nxd4 Nxd4 13. Bxd4 Be6 14. 0-0 Rc8 15. Bxg7 Kxg7 16. b3 d5 17. c5 Na8 18. Nb5 Nc7 19. Nxa7 Ra8 20. c6 Qb8 21. cxb7 Qxb7 22. Qd4+ f6 23. Nc6 Rxa2 24. Bg4 Bxg4 25. hxg4 Ra6 26. Qc5 Ne6 27. Qxd5 Nd8 28. Qxd8 Rxd8 29. Nxd8 Qb8 30. Nc6 Qxb3 31. Nd4 Qb6 32. Nf3 Ra2 33. g5 fxg5 34. Nxg5 h6 35. Nf3 g5 36. Rb1 Qa7 37. Nh2 h5 38. Nf3 g4 39. Nh4 Ra3 40. g3 Rxg3+ 41. Ng2 Qa8 42. fxg3 Qa3 43. Kh2 Qa2 44. Ra1 Qe2 45. Rae1 Qd2 46. Rf4 Kh6 47. Ref1 Qa2 48. Rf6+ Kg7 49. R1f2 Qb3 50. Nh4 Qc4 51. Rf7+ Kg8 52. R7f5 Kg7 53. Rxh5 Qb3 54. Rg5+ Kh6 55. Rg6+ Kh7 56. Rxg4 Qd5 57. Rf5 Qd2+ 58. Kh3 1-0

[Event "NRW Class1 0405"]
[Site "Germany"]
[Date "2005.04.03"]
[Round "8.4"]
[White "Schuh, Dirk"]
[Black "Lebedev, Dmitry"]
[Result "1-0"]
[WhiteElo "2261"]
[BlackElo "2198"]
[PlyCount "105"]
[EventDate "2004.10.10"]
[EventType "team"]
[EventRounds "9"]
[EventCountry "GER"]
[SourceTitle "EXT 2006"]
[Source "ChessBase"]
[SourceDate "2005.11.24"]
[SourceVersion "1"]
[SourceVersionDate "2005.11.24"]
[SourceQuality "1"]
[WhiteTeam "Werther"]
[BlackTeam "Koeln Porz III"]
[WhiteTeamCountry "GER"]
[BlackTeamCountry "GER"]

1. e4 c5 2. g3 d5 3. exd5 Qxd5 4. Nf3 Bg4 5. Bg2 Qe6+ 6. Kf1 Nc6 7. h3 Bh5 8. d3 Nf6 9. Na3 Qd7 10. Nc4 e6 11. g4 Bg6 12. Nfe5 Nxe5 13. Nxe5 Qc7 14. Bf4 Bd6 15. Qe2 0-0-0 16. h4 Nd5 17. Bg3 Rde8 18. h5 f6 19. hxg6 Bxe5 20. Bxe5 fxe5 21. gxh7 Ref8 22. Re1 Qf7 23. Bxd5 exd5 24. Qe3 b6 25. Qg3 g6 26. Kg2 Rxh7 27. Rxh7 Qxh7 28. Qxe5 Qd7 29. Qe6 Rf4 30. Kg3 Rf7 31. Qxg6 Qc7+ 32. Kg2 Kb7 33. Qe6 d4 34. Qe5 Qd7 35. f3 Ka6 36. Qe8 Qd5 37. Qa4+ Kb7 38. Re4 a5 39. Qe8 Rc7 40. b3 Qg5 41. Re6 Ka7 42. Qg6 Qd2+ 43. Kg3 Qc1 44. f4 Qh1 45. Qe4 Qg1+ 46. Qg2 Qc1 47. Re8 Rb7 48. a4 Qd1 49. f5 Qc1 50. f6 Qh6 51. Qc6 Qh7 52. Qc8 Ka6 53. Re7 1-0

[Event "NRW Class1 0405"]
[Site "Germany"]
[Date "2005.02.20"]
[Round "7.4"]
[White "Lebedev, Dmitry"]
[Black "Thiel, Kuno"]
[Result "1-0"]
[WhiteElo "2198"]
[BlackElo "2284"]
[PlyCount "71"]
[EventDate "2004.10.10"]
[EventType "team"]
[EventRounds "9"]
[EventCountry "GER"]
[SourceTitle "EXT 2006"]
[Source "ChessBase"]
[SourceDate "2005.11.24"]
[SourceVersion "1"]
[SourceVersionDate "2005.11.24"]
[SourceQuality "1"]
[WhiteTeam "Koeln Porz III"]
[BlackTeam "Betzdorf Kirchen"]
[WhiteTeamCountry "GER"]
[BlackTeamCountry "GER"]

1. e4 Nf6 2. e5 Nd5 3. d4 d6 4. exd6 exd6 5. Nf3 Be7 6. c4 Nb6 7. h3 0-0 8. Be2 Bf6 9. Nc3 Nc6 10. 0-0 Bf5 11. b3 d5 12. c5 Nc8 13. Bf4 a6 14. Rc1 Re8 15. Re1 Be4 16. Ne5 N8e7 17. Nxe4 dxe4 18. Bc4 Bxe5 19. dxe5 Ng6 20. e6 fxe6 21. Qxd8 Raxd8 22. Bxc7 Rd4 23. Rcd1 Rxd1 24. Rxd1 Nge5 25. Be2 Kf7 26. Bxe5 Nxe5 27. Rd4 Rc8 28. b4 e3 29. fxe3 g5 30. Kf2 Kf6 31. a3 Rc7 32. e4 Rd7 33. Rxd7 Nxd7 34. c6 bxc6 35. Bxa6 Ke5 36. Ke3 1-0

[Event "NRW Class2 0304"]
[Site "Germany"]
[Date "2003.10.12"]
[Round "2.6"]
[White "Wagenknecht, Uwe"]
[Black "Lebedev, Dmitry"]
[Result "1-0"]
[WhiteElo "2066"]
[BlackElo "2206"]
[PlyCount "59"]
[EventDate "2003.09.28"]
[EventType "team"]
[EventRounds "9"]
[EventCountry "GER"]
[SourceTitle "CBM 098 Extra"]
[Source "ChessBase"]
[SourceDate "2004.03.10"]
[SourceVersion "2"]
[SourceVersionDate "2004.03.10"]
[SourceQuality "1"]
[WhiteTeam "Bielefeld"]
[BlackTeam "Koeln Porz III"]
[WhiteTeamCountry "GER"]
[BlackTeamCountry "GER"]

1. Nf3 d5 2. b3 c5 3. Bb2 Nc6 4. e3 a6 5. d4 Nf6 6. Nbd2 Bf5 7. dxc5 Qa5 8. a3 Qxc5 9. Bd3 Bg4 10. h3 Bh5 11. 0-0 e6 12. b4 Qd6 13. c4 Be7 14. Qc2 Rd8 15. Rad1 Qb8 16. cxd5 exd5 17. Bxa6 Rc8 18. Bb5 0-0 19. Qb3 Rfd8 20. Rc1 Bg6 21. Nd4 Nxd4 22. Bxd4 Ne4 23. Nxe4 Bxe4 24. Qb2 Bf8 25. Be5 Bd6 26. Bxg7 Bh2+ 27. Kh1 Rxc1 28. Rxc1 d4 29. Bxd4 Rd5 30. Qe2 1-0